000 01492nam0a2200349 4500
001 RU\NLR\BIBL_A\012404689
005 20201202155556.0
010 _a978-5-9238-0265-8
_9500
021 _aRU
_bКН-П-20-044917
_9КН-П-20-3430
035 _a(NLR Aleph) 012404689
035 _a(RuMoRGB)010392338
090 _a11743193
_c11743193
100 _a20201116d2020 u y0rusy50 ca
101 0 _arus
102 _aRU
105 _ay z 000
181 0 _ai
_baxxe
182 0 _an
200 1 _aСлучаи из жизни Ивана Ивановича Мацепуро
_eповести и рассказы
_fСтанислав Далецкий
203 _aТекст
_bвизуальный
_cнепосредственный
210 _aМосква
_cВНИИА
_d2020
215 _a415 с.
_d21
300 _aНа 4-й с. обл. авт.: Далецкий С. В., д.т.н., проф., акад. Рос. акад. транспорта, засл. работник транспорта России
327 1 _aСодерж.: Дворянский сын; Судьба учителя: повести; Случаи из жизни Ивана Ивановича Мацепуро: рассказы
686 2 _aШ6(2=Р)8-44
700 1 _aДалецкий
_bС. В.
_f1944-
_gСтанислав Владимирович
942 _cBOOK
980 _aNBR
980 _aNB